000 00540nam a2200181Ia 4500
008 100921s9999 xx 000 0 und d
082 _b8810
_a820 थ 37
100 _aRoy M.N.
245 _aHistotical Role Of Islam.
260 _bवोरा अँड कंपनी,मुंबई.
_c1937
300 _a106
_b---
365 _b0
520 _aललित इंग्रजी.
630 _aHistotical Role Of Islam.
650 _aललित इंग्रजी.
730 _aHistotical Role Of Islam.
942 _cBOOK
999 _c757923
_d757920